Normal view
MARC view
Entry Personal Name
001 - CONTROL NUMBER
- control field: 746664
003 - CONTROL NUMBER IDENTIFIER
- control field: OSt
005 - DATE AND TIME OF LATEST TRANSACTION
- control field: 20250317131224.0
008 - FIXED-LENGTH DATA ELEMENTS
- fixed length control field: 250317|| aca||aabn | a|a d
040 ## - CATALOGING SOURCE
- Original cataloging agency: OSt
- Transcribing agency: OSt
100 ## - HEADING--PERSONAL NAME
- Personal name: Estrin S
670 ## - SOURCE DATA FOUND
- Source citation: Work cat.: (OSt)1267214: Estrin S, Self-management: Economic theory and yugoslax practice, 1983
